000 00795cam a2200181 4500
001 WS106554
008 000000n 000 0 eng u
035 _a(Sirsi) u106554
110 _aInstitute of Historic Building Conservation
_93725
245 _aInstitute of Historic Building Conservation
520 _aWeb site for this organisation set up to establish the highest standards of conservation practice. Includes a bulletin board for the discussion of conservation issues.
650 _aHISTORIC BUILDINGS
650 _aORGANISATION
650 _aBUILT ENVIRONMENT-BUILDING INSPECTION
690 _aBUILT ENVIRONMENT-BUILDING MAINTENANCE AND REFURBISHMENT-BUILDING CONSERVATION
856 4 0 _uhttps://www.ihbc.org.uk
_zView the website free of charge at www.ihbc.org.uk...
942 _n0
999 _c119491
_d119491